|
|
|
แสดงรายละเอียดบรรณานุกรม |
|
|||
| ห้องสมุดโรงเรียนพะเยาพิทยาคม...ยินดีต้อนรับ...ทุกท่านเข้าสู่ระบบห้องสมุดอัตโนมัติ | ||||
|
Brief Record
: Get Marc (ISO 2709)
: E-mail record
: |
|
|
| LEADER 00000nam 2200000uu 4500 | |||
| 001 13399118894 | |||
| 003 ULIBM | |||
| 008 170628s2002||||th 000 0 tha d | |||
| 020 ^a9782011551863 | |||
| 082 ^aJ^bP633T | |||
| 100 0 ^aPiguet Muriel. | |||
| 245 ^aTatou le matou /^cBy Muriel Piguet. | |||
| 250 ^a1 st ed. | |||
| 260 ^aParis :^bHachette,^c2002. | |||
| 300 ^a63 p. :^bill. ;^c23 cm. | |||
| 650 ^aJuvenile for Children. | |||
| 700 0 ^aDenisot, Hogues. | |||
| 999 ^aจริญญา | |||
| คุณยังไม่ได้ล็อกอิน คุณสามารถมีกิจกรรมร่วมกับเว็บไซต์ได้ แต่ต้องล็อกอินก่อน :: |
|
| สถานะ | |||||||||
| 1. | วรรณกรรมเยาวชน | J P633T 2002 c.1 Barcode: 51194 | ไม่พบชื่อสถานที่ World Beyond | On Shelf | |||||
| 2. | วรรณกรรมเยาวชน | J P633T 2002 c.2 Barcode: 51195 | ไม่พบชื่อสถานที่ World Beyond | On Shelf | |||||
| 3. | วรรณกรรมเยาวชน | J P633T 2002 c.3 Barcode: 51196 | ไม่พบชื่อสถานที่ World Beyond | On Shelf | |||||
| [แสดง 3/3 รายการ] | |||||||||
หนังสือดีน่าอ่าน

“ดั่งดวงแก้ว ส่องสว่าง ทางสายงาม”
จัดทำขึ้นเพื่อเฉลิมพระเกียรติ สมเด็จพระเทพรัตนราชสุดา ฯ สยามบรมราชกุมารี
เนื่องในโอกาสมหามงคลเฉลิมพระชนมพรรษา ๕ รอบ ๒ เมษายน ๒๕๕๘
โดยหนังสือเล่มนี้ได้รวบรวม ๖๐ พระอัจฉริยภาพของสมเด็จพระเทพ ฯ
ผู้อ่านจะได้รับแรงบันดาลใจให้พากเพียรเรียนรู้และขยันอดทนทำการงาน
ตามรอยเบื้องพระยุคลบาท เพราะพระองค์ทรงเป็นแบบอย่างอันดีเยี่ยมในทุกด้าน
ทั้งในความใฝ่รู้ใฝ่เรียน คุณธรรมจริยธรรม พระวิริยอุตสาหะในการทรงงาน
และอื่นๆอีกมากมาย ล้วนสามารถสร้างแรงบันดาลใจให้แก่เด็กและเยาวชน
อีกทั้งประชาชนทั่วไป ให้พากเพียรเรียนรู้และขยันอดทนทำการงานตามรอยพระยุคลบาท
เพื่อฝึกฝนตนเองให้เป็นคนดีคนเก่งของครอบครัวและสังคมต่อไป

แสดงความเห็นเกี่ยวกับหนังสือเล่มนี้ |
| คอมเมนท์ทรัพยากรรายการนี้ |
|
ห้องสมุดเฉลิมพระเกียรติกาญจนาภิเษก โรงเรียนพะเยาพิทยาคม อำเภอเมือง จังหวัดพะเยา 56000
![]()
![]()
E-mail :
Library Phayaopittayakom
05-4431-275 ต่อ 4621